Synthesis and characterization of the anticancer and metal binding properties of novel pyrimidinylhydrazone derivatives

Elmentve itt :
Bibliográfiai részletek
Szerzők: Pape Veronika
Türk Dóra
Szabó Pál Tamás
Wiese Michael
Enyedy Éva Anna
Szakács Gergely
Dokumentumtípus: Cikk
Megjelent: Elsevier 2015
Sorozat:JOURNAL OF INORGANIC BIOCHEMISTRY 144
doi:10.1016/j.jinorgbio.2014.12.015

mtmt:2795213
Online Access:http://publicatio.bibl.u-szeged.hu/9069
LEADER 01179nab a2200277 i 4500
001 publ9069
005 20191018141532.0
008 160707s2015 hu o 0|| zxx d
022 |a 0162-0134 
024 7 |a 10.1016/j.jinorgbio.2014.12.015  |2 doi 
024 7 |a 2795213  |2 mtmt 
040 |a SZTE Publicatio Repozitórium  |b hun 
041 |a zxx 
100 1 |a Pape Veronika 
245 1 0 |a Synthesis and characterization of the anticancer and metal binding properties of novel pyrimidinylhydrazone derivatives  |h [elektronikus dokumentum] /  |c  Pape Veronika 
260 |a Elsevier  |c 2015 
300 |a 18-30 
490 0 |a JOURNAL OF INORGANIC BIOCHEMISTRY  |v 144 
700 0 1 |a Türk Dóra  |e aut 
700 0 1 |a Szabó Pál Tamás  |e aut 
700 0 1 |a Wiese Michael  |e aut 
700 0 1 |a Enyedy Éva Anna  |e aut 
700 0 1 |a Szakács Gergely  |e aut 
856 4 0 |u http://publicatio.bibl.u-szeged.hu/9069/12/VFS_Pape_et_al__J_Inorg_Biochem_2015_144_18_18.pdf  |z Dokumentum-elérés  
856 4 0 |u http://publicatio.bibl.u-szeged.hu/9069/6/Inorganic_Biochemistry_tartalom_144.pdf  |z Dokumentum-elérés  
856 4 0 |u http://publicatio.bibl.u-szeged.hu/9069/18/1-s2.0-S0162013414003080-main.pdf  |z Dokumentum-elérés